[Event "35th Zalakaros Open 2016"]
[Site "Zalakaros HUN"]
[Date "2016.06.03"]
[Round "8.40"]
[White "Baskin, Robert"]
[Black "Balint, Vilmos"]
[Result "1/2-1/2"]
[WhiteTitle "FM"]
[WhiteElo "2359"]
[BlackElo "2289"]
[WhiteFideId "24662402"]
[BlackFideId "718050"]
[EventDate "2016.05.27"]

1. e4 c5 2. Nf3 a6 3. c4 Nc6 4. d4 cxd4 5. Nxd4 e5 6. Nf5 d5 7. cxd5 Bxf5 8.
exf5 Nd4 9. Nc3 Be7 10. f4 Bf6 11. Bd3 Ne7 12. fxe5 Bxe5 13. O-O Nxd5 14. Re1
Nc6 15. Be4 Nde7 16. Qb3 O-O 17. Qxb7 Qd6 18. Bxc6 Nxc6 19. Ne4 Qd5 20. Qb3 Bd4+
21. Kh1 Qxf5 22. Qc4 Qb5 23. Nd6 Qb4 24. Qxb4 Nxb4 25. Rd1 Rfd8 26. Bf4 Nc2 27.
Rac1 Be3 28. Bxe3 Nxe3 29. Rd4 f5 30. Rc7 Rab8 31. b3 Rb6 32. Rc8 Rxc8 33. Nxc8
Re6 34. h3 g5 35. Rd7 f4 36. Ne7+ Kf8 37. Nd5 Nf5 38. Kg1 Re2 39. Nf6 h6 40.
Nh7+ Ke8 41. Nf6+ Kf8 42. Nh7+ 1/2-1/2

[Event "35th Zalakaros Open 2016"]
[Site "Zalakaros HUN"]
[Date "2016.06.03"]
[Round "8.41"]
[White "Szabo, Attila1"]
[Black "Dolana, Andrei-Theodor"]
[Result "1/2-1/2"]
[WhiteTitle "FM"]
[BlackTitle "FM"]
[WhiteElo "2315"]
[BlackElo "2354"]
[WhiteFideId "1206532"]
[BlackFideId "1219804"]
[EventDate "2016.05.27"]

1. e4 d6 2. d4 Nf6 3. Nc3 g6 4. g3 Bg7 5. Bg2 O-O 6. Nge2 e5 7. O-O c6 8. h3 b5
9. dxe5 dxe5 10. Qxd8 Rxd8 11. Be3 Be6 12. f4 Re8 13. f5 Bc4 14. b3 Bxe2 15.
Nxe2 Nfd7 16. a4 b4 17. Rad1 Bf8 18. Rd2 Bc5 19. Kf2 a5 20. Rfd1 Ra7 21. g4 Kf8
22. Ng3 Bxe3+ 23. Kxe3 Nb6 24. g5 Rd7 25. Rxd7 N8xd7 26. h4 Rc8 27. Bf1 Ke8 28.
h5 Ke7 29. Ba6 Rc7 30. hxg6 hxg6 31. Rh1 Nf8 32. Nf1 Rd7 33. Nd2 gxf5 34. exf5
Rd4 35. Ne4 Nd5+ 36. Kf3 Nc3 37. Bd3 Nd7 38. Rh7 Nxe4 39. Bxe4 Nc5 40. Bxc6 Rf4+
41. Ke3 Rxf5 42. g6 1/2-1/2

[Event "35th Zalakaros Open 2016"]
[Site "Zalakaros HUN"]
[Date "2016.06.03"]
[Round "8.42"]
[White "Nihal, Sarin"]
[Black "Saravanan, V."]
[Result "1-0"]
[WhiteTitle "FM"]
[BlackTitle "IM"]
[WhiteElo "2349"]
[BlackElo "2272"]
[WhiteFideId "25092340"]
[BlackFideId "5000580"]
[EventDate "2016.05.27"]

1. d4 d5 2. c4 c6 3. Nf3 Nf6 4. Qb3 g6 5. Nc3 Bg7 6. Bf4 dxc4 7. Qxc4 O-O 8. e4
Bg4 9. Be2 Nbd7 10. Rd1 Qb6 11. Rd2 c5 12. d5 Nh5 13. Be3 Qd6 14. h3 Bxf3 15.
Bxf3 Ne5 16. Qe2 Nxf3+ 17. Qxf3 f5 18. exf5 Rxf5 19. Qe2 Re5 20. O-O Bh6 21. Qd3
Bxe3 22. fxe3 Nf6 23. e4 Rc8 24. Rdf2 Rg5 25. Nb5 Qe5 26. d6 c4 27. d7 Rd8 28.
Qxc4+ Kg7 29. Nc7 Rxd7 30. Ne6+ Kh6 31. Nxg5 Qxg5 32. Qf7 Qe3 33. Kh2 Nxe4 34.
Qf8+ Kh5 35. Rf5+ gxf5 36. Qxf5+ Qg5 37. Qxh7+ Qh6 38. Rf5+ 1-0

[Event "35th Zalakaros Open 2016"]
[Site "Zalakaros HUN"]
[Date "2016.06.03"]
[Round "8.43"]
[White "Thakur, Akash"]
[Black "Skuhala, Jernej"]
[Result "1-0"]
[WhiteTitle "FM"]
[WhiteElo "2345"]
[BlackElo "2142"]
[WhiteFideId "5008514"]
[BlackFideId "14605651"]
[EventDate "2016.05.27"]

1. d4 Nf6 2. Nf3 e6 3. Bf4 c5 4. c3 d5 5. e3 Bd6 6. Nbd2 Nc6 7. Bxd6 Qxd6 8. Bb5
O-O 9. O-O a6 10. Bxc6 bxc6 11. Qa4 cxd4 12. cxd4 Nd7 13. Rfc1 Bb7 14. Qa5 e5
15. dxe5 Nxe5 16. Nxe5 Qxe5 17. Nb3 f5 18. Nc5 Bc8 19. Qb6 Rf6 20. Nd3 Qd6 21.
Qc5 Qd8 22. Rc3 Bd7 23. Rb3 Rb8 24. Rxb8 Qxb8 25. Rc1 Rh6 26. f4 Re6 27. Rc3 Be8
28. Rb3 Qd8 29. g3 Re4 30. Ne5 Qc7 31. Kf2 g5 32. Qb6 Qe7 33. Nxc6 Qg7 34. Ne5
gxf4 35. Qe6+ Qf7 36. Qxf7+ Bxf7 37. gxf4 Bh5 38. Rb8+ Kg7 39. Rb7+ Kh6 40. Rb6+
Kg7 41. Rd6 Rb4 42. b3 a5 43. Rxd5 a4 44. Rd4 1-0

[Event "35th Zalakaros Open 2016"]
[Site "Zalakaros HUN"]
[Date "2016.06.03"]
[Round "8.44"]
[White "Gyurkovics, Bence Dr."]
[Black "Nomin-Erdene, Davaademberel"]
[Result "1/2-1/2"]
[BlackTitle "IM"]
[WhiteElo "2233"]
[BlackElo "2448"]
[WhiteFideId "731927"]
[BlackFideId "4900782"]
[EventDate "2016.05.27"]

1. d4 d5 2. c4 c6 3. Nf3 Nf6 4. e3 e6 5. Nbd2 c5 6. cxd5 exd5 7. Bb5+ Bd7 8.
Bxd7+ Nbxd7 9. O-O Bd6 10. dxc5 Nxc5 11. Nb3 Nce4 12. Nbd4 O-O 13. b3 Qd7 14.
Bb2 Rac8 15. Qd3 a6 16. h3 Bb8 17. Rac1 Rxc1 18. Rxc1 Re8 19. Ne2 h6 20. Rd1 Rd8
21. Qd4 b5 22. Ne5 Qb7 23. Ng4 h5 24. Nxf6+ Nxf6 25. Qh4 Qb6 26. Bxf6 Qxf6 27.
Qxf6 gxf6 28. Nc3 Kg7 29. Nxd5 f5 30. Kf1 Re8 31. h4 Re4 32. g3 Re8 33. Ke2 Be5
34. Nb4 Re6 35. Rd5 Kf6 36. Nd3 Bc7 37. Kf3 Bd6 38. Nc5 Bxc5 39. Rxc5 Kg6 40. a4
bxa4 41. bxa4 Kf6 42. Rc4 Rd6 43. Kf4 Re6 44. f3 Kg6 45. a5 Rd6 46. Rc5 f6 47.
Rxf5 Rd1 48. Rc5 Ra1 49. g4 hxg4 50. fxg4 Rf1+ 51. Ke4 Rg1 52. g5 Rg4+ 53. Kd3
Rxh4 54. gxf6 Ra4 55. Rf5 Ra3+ 56. Ke4 Kf7 57. Kf4 Ra1 58. e4 Ra4 59. Rc5 Kxf6
60. Rc6+ Ke7 61. Rxa6 Ra1 62. Ke5 Kd7 63. Ra7+ Kd8 64. Ke6 Kc8 65. a6 Kb8 66.
Rb7+ Kc8 67. Rb6 Kd8 68. e5 Ra2 69. Kf7 Rf2+ 70. Rf6 Rh2 71. a7 Ra2 72. Kg8 Ke7
73. Kg7 Rg2+ 74. Rg6 Ra2 75. Kh6 Kf8 76. Rf6+ Ke8 77. Rg6 Kf8 78. Rf6+ Ke8 79.
Re6+ Kf7 80. Rd6 Rxa7 81. Kg5 Ra1 82. Kf5 Rf1+ 83. Ke4 Ke7 84. Rd3 Ke6 85. Rd6+
Ke7 86. Ra6 Re1+ 87. Kf5 Rf1+ 88. Kg6 Rg1+ 89. Kh7 Rh1+ 90. Kg7 Rg1+ 91. Rg6
Rxg6+ 92. Kxg6 Ke6 93. Kg7 Kxe5 1/2-1/2

[Event "35th Zalakaros Open 2016"]
[Site "Zalakaros HUN"]
[Date "2016.06.03"]
[Round "8.45"]
[White "Del Rey, Diego"]
[Black "Gazik, Igor"]
[Result "1/2-1/2"]
[WhiteTitle "IM"]
[BlackTitle "IM"]
[WhiteElo "2388"]
[BlackElo "2302"]
[WhiteFideId "102164"]
[BlackFideId "14900149"]
[EventDate "2016.05.27"]

1. Nf3 Nf6 2. d4 g6 3. c4 Bg7 4. Nc3 O-O 5. e4 d6 6. h3 e5 7. dxe5 dxe5 8. Qxd8
Rxd8 9. Bg5 Na6 10. Nd5 Rd6 11. Bxf6 Bxf6 12. b4 c6 13. Nxf6+ Rxf6 14. a3 c5 15.
b5 Nc7 16. Be2 Re6 17. O-O-O Re7 18. Rd6 b6 19. Rhd1 Kg7 20. Bd3 f6 21. Bc2 Be6
22. Nd2 Kf7 23. a4 Ne8 24. Rd3 Rd7 25. Rxd7+ Bxd7 26. Nf1 Be6 27. Ne3 Ke7 28.
Kb2 Nd6 29. Kc3 Rd8 30. h4 Nb7 31. Bd3 Rd4 32. Nc2 Rd7 33. g3 Nd6 34. Ne3 f5 35.
exf5 gxf5 36. f4 Kf6 37. Bc2 Ne4+ 38. Bxe4 Rxd1 39. Nxd1 fxe4 40. Ne3 exf4 41.
gxf4 Kg6 42. a5 bxa5 43. Kb3 Kh5 44. f5 Bc8 45. Ka4 Kh6 46. Kxa5 Kg7 47. b6 a6
48. b7 Bxb7 49. Kb6 Bc8 50. Kxc5 Kf6 51. Kb6 Bxf5 52. Kxa6 Bh3 53. Kb6 Ke5 54.
Kc5 h5 55. Nd5 Be6 56. Ne3 Bc8 57. Ng2 Bd7 58. Ne3 Be6 59. Ng2 Bc8 60. Ne3 Kf4
61. Kd4 Bb7 62. c5 Ba8 63. Nc4 Kg3 64. Nd2 Kxh4 65. Nxe4 Kh3 66. Ke5 h4 67. Kf4
Kg2 68. Ng5 h3 1/2-1/2

[Event "35th Zalakaros Open 2016"]
[Site "Zalakaros HUN"]
[Date "2016.06.03"]
[Round "8.46"]
[White "Blazeka, Matej"]
[Black "Krstulovic, Alex"]
[Result "1/2-1/2"]
[WhiteTitle "FM"]
[BlackTitle "FM"]
[WhiteElo "2341"]
[BlackElo "2292"]
[WhiteFideId "14515741"]
[BlackFideId "760056"]
[EventDate "2016.05.27"]

1. e4 c5 2. Nf3 d6 3. d4 cxd4 4. Nxd4 Nf6 5. f3 e5 6. Nb3 d5 7. Bg5 Be6 8. Bxf6
gxf6 9. exd5 Qxd5 10. Qxd5 Bxd5 11. Nc3 Be6 12. O-O-O Nd7 13. Nb5 Ke7 14. Nc7
Bh6+ 15. Kb1 Rac8 16. Nxe6 fxe6 17. Bd3 f5 18. Rhe1 Bg7 19. g4 fxg4 20. fxg4 Bf6
21. Nd2 h5 22. h3 hxg4 23. hxg4 Nc5 24. Ne4 Nxe4 25. Bxe4 1/2-1/2

[Event "35th Zalakaros Open 2016"]
[Site "Zalakaros HUN"]
[Date "2016.06.03"]
[Round "8.47"]
[White "Plichta, Kamil"]
[Black "Rigo, Janos"]
[Result "0-1"]
[WhiteTitle "FM"]
[BlackTitle "IM"]
[WhiteElo "2336"]
[BlackElo "2238"]
[WhiteFideId "1141830"]
[BlackFideId "700371"]
[EventDate "2016.05.27"]

1. e4 c5 2. Nf3 Nc6 3. d4 cxd4 4. Nxd4 Nf6 5. Nc3 g6 6. Nxc6 dxc6 7. Qxd8+ Kxd8
8. Bc4 Ke8 9. e5 Ng4 10. f4 h5 11. a4 Bf5 12. Bb3 a5 13. h3 Nh6 14. Be3 e6 15.
Kf2 Be7 16. Kf3 h4 17. Ne4 Bxe4+ 18. Kxe4 Nf5 19. Bf2 g5 20. fxg5 Rg8 21. Rhe1
Rxg5 22. Kf3 Ng3 23. Bxg3 Rxg3+ 24. Kf2 Bc5+ 25. Kf1 Ke7 26. Rad1 Rag8 27. Rd2
R8g5 28. Re4 Rf5+ 29. Ke1 Re3+ 30. Re2 Rxe4 31. Rxe4 Bf2+ 32. Kd1 Bg3 33. Bc4
Rxe5 34. Rxe5 Bxe5 35. c3 f5 36. Ke2 Bd6 37. Bd3 Kf6 38. Bc4 e5 39. Bg8 e4 40.
Bc4 Bc5 41. Kd2 Ke5 42. Ke2 Bf8 43. Bf7 Bh6 44. b4 axb4 45. cxb4 Bf8 46. b5 Bb4
47. bxc6 bxc6 48. Be8 c5 49. Bf7 Ba5 50. Bc4 Kd4 51. Be6 c4 52. Kd1 Kd3 53. Kc1
Bd2+ 54. Kb2 f4 55. a5 Bxa5 56. Kc1 e3 0-1

[Event "35th Zalakaros Open 2016"]
[Site "Zalakaros HUN"]
[Date "2016.06.03"]
[Round "8.48"]
[White "Marosi, Levente"]
[Black "Laliena Solanes, Luis"]
[Result "1-0"]
[WhiteTitle "FM"]
[WhiteElo "2318"]
[BlackElo "2205"]
[WhiteFideId "747181"]
[BlackFideId "2212560"]
[EventDate "2016.05.27"]

1. e4 e6 2. d4 d5 3. Nd2 Nf6 4. e5 Nfd7 5. Bd3 c5 6. c3 Nc6 7. Ne2 cxd4 8. cxd4
f6 9. exf6 Nxf6 10. O-O Bd6 11. Nf3 Qc7 12. Bd2 O-O 13. Rc1 Qb6 14. Bc3 Bd7 15.
Re1 Nh5 16. Ng3 Nf4 17. Bb1 Qd8 18. Ne5 Bxe5 19. dxe5 Qg5 20. b4 a6 21. a4 Ne7
22. Bd4 Be8 23. Rc7 Bh5 24. h4 Qxh4 25. Nxh5 Neg6 26. Bxg6 Nxg6 27. g3 Qh3 28.
Rxg7+ Kh8 29. Rxb7 Nh4 30. gxh4 Rg8+ 31. Ng7 Rac8 32. Re3 Qxh4 33. Bc5 a5 34.
Qd4 Qh6 1-0

[Event "35th Zalakaros Open 2016"]
[Site "Zalakaros HUN"]
[Date "2016.06.03"]
[Round "8.49"]
[White "Michelle Catherina, P"]
[Black "Gorcsi, Gabor"]
[Result "1-0"]
[WhiteTitle "WIM"]
[BlackTitle "FM"]
[WhiteElo "2179"]
[BlackElo "2304"]
[WhiteFideId "5005736"]
[BlackFideId "763411"]
[EventDate "2016.05.27"]

1. e4 c5 2. Nf3 Nc6 3. d4 cxd4 4. Nxd4 g6 5. c4 Bg7 6. Be3 Nf6 7. Nc3 Ng4 8.
Qxg4 Nxd4 9. Qd1 Ne6 10. Qd2 b6 11. Be2 Bb7 12. f3 O-O 13. O-O a5 14. b3 Nc5 15.
Rac1 d6 16. Rfd1 Bc6 17. Nd5 Bxd5 18. Qxd5 Qc7 19. Kh1 Rfd8 20. Bf1 e6 21. Qd2
f5 22. exf5 gxf5 23. Bf4 Qc6 24. Re1 Rd7 25. Rcd1 e5 26. Bh6 Bxh6 27. Qxh6 Qc7
28. Qg5+ Rg7 29. Qxf5 Rf8 30. Qc2 Ne6 31. Qd2 Nd4 32. Bd3 Qf7 33. Be4 Qh5 34.
Qe3 Kh8 35. Rd2 Rf6 36. Bd5 Rf8 37. Rxd4 exd4 38. Qxd4 Qg5 39. f4 Qd8 40. h3 Qc7
41. f5 h6 42. f6 Rg5 43. Re7 Qc8 44. f7+ Rg7 45. Re6 Rxf7 46. Rxh6+ Kg8 47.
Bxf7+ Kxf7 48. Qf6+ Kg8 49. Qe6+ Qxe6 50. Rxe6 Rd7 51. Re8+ Kf7 52. Rb8 d5 53.
cxd5 Rxd5 54. Rxb6 1-0

[Event "35th Zalakaros Open 2016"]
[Site "Zalakaros HUN"]
[Date "2016.06.03"]
[Round "8.50"]
[White "Goczo, Melinda"]
[Black "Damia, Angelo"]
[Result "0-1"]
[WhiteTitle "WIM"]
[BlackTitle "FM"]
[WhiteElo "2175"]
[BlackElo "2254"]
[WhiteFideId "711985"]
[BlackFideId "812668"]
[EventDate "2016.05.27"]

1. d4 Nf6 2. Nf3 e6 3. g3 b5 4. Bg2 Bb7 5. O-O d5 6. Qd3 a6 7. a4 b4 8. Nbd2
Nbd7 9. c4 bxc3 10. bxc3 c5 11. c4 Be7 12. Ba3 O-O 13. Rfb1 dxc4 14. Qxc4 Bd5
15. Qd3 cxd4 16. Qxd4 Bxa3 17. Rxa3 Rb8 18. Raa1 Rxb1+ 19. Rxb1 Qa8 20. Bf1 h6
21. a5 Bc6 22. Ne5 Nxe5 23. Qxe5 Qd8 24. Nc4 Bb5 25. e3 Nd5 26. e4 Ne7 27. Qc5
Nc6 28. h3 Nxa5 29. Nxa5 Qxa5 30. e5 Rb8 0-1

[Event "35th Zalakaros Open 2016"]
[Site "Zalakaros HUN"]
[Date "2016.06.03"]
[Round "8.51"]
[White "Horvath, Dominik"]
[Black "Laza, Szabolcs"]
[Result "0-1"]
[WhiteElo "2286"]
[BlackElo "2168"]
[WhiteFideId "1642561"]
[BlackFideId "741345"]
[EventDate "2016.05.27"]

1. Nf3 d5 2. g3 Nf6 3. Bg2 c6 4. c4 Bg4 5. Ne5 Be6 6. O-O Nbd7 7. cxd5 Bxd5 8.
Nf3 c5 9. Nc3 Bc6 10. Re1 e6 11. e4 Be7 12. d4 Nb6 13. Bg5 O-O 14. d5 exd5 15.
exd5 Nbxd5 16. Nxd5 Bxd5 17. Rxe7 Qxe7 18. Bxf6 Qxf6 19. Qxd5 Qxb2 20. Qe5 Qc2
21. Re1 Rad8 22. Qe4 Qxe4 23. Rxe4 Rd1+ 24. Bf1 b5 25. Re5 Rc8 26. Ne1 f6 27.
Re3 c4 28. Kg2 a5 29. Nc2 Rd2 30. Na3 c3 31. Re1 c2 32. Rc1 Kf8 33. Bxb5 Rc3 34.
Nc4 Rd1 35. Rxc2 Rxc2 36. Ba4 Rxc4 37. Bxd1 a4 38. Bf3 Rc2 39. Bd5 Ke7 40. Kf3
Kd6 41. Bg8 Kc5 42. Ke3 Kb4 43. h4 h6 44. f4 Ka3 45. Kd3 Rg2 0-1

[Event "35th Zalakaros Open 2016"]
[Site "Zalakaros HUN"]
[Date "2016.06.03"]
[Round "8.52"]
[White "Vegh, Endre"]
[Black "Szalanczy, Emil"]
[Result "1-0"]
[WhiteTitle "IM"]
[BlackTitle "IM"]
[WhiteElo "2271"]
[BlackElo "2218"]
[WhiteFideId "700568"]
[BlackFideId "700347"]
[EventDate "2016.05.27"]

1. d4 c5 2. dxc5 Nf6 3. Nc3 e6 4. e4 Nc6 5. f4 Qa5 6. Bd3 Bxc5 7. Bd2 d6 8. Nh3
a6 9. a3 Qc7 10. Nf2 Bd7 11. O-O Ba7 12. b4 Nd4 13. a4 Rc8 14. Kh1 h5 15. Qe1
Kf8 16. Nh3 Ng4 17. Qh4 Be8 18. Rae1 Qe7 19. Ng5 f6 20. Nh3 Bf7 21. e5 f5 22.
Qxe7+ Kxe7 23. exd6+ Kxd6 24. Ng5 Bg8 25. h3 Nf6 26. Ne2 h4 27. c4 Nxe2 28. Bxe2
Ke7 29. Bc3 Bf7 30. c5 Nd5 31. Bxg7 Rhg8 32. Be5 Bb8 33. Bc4 Rgd8 34. Bxb8 Rxb8
35. b5 axb5 36. Bxb5 Rbc8 37. Rc1 Rc7 38. c6 bxc6 39. Rxc6 Rxc6 40. Bxc6 Nb4 41.
Bf3 Rd4 42. a5 Rxf4 43. Nxf7 Kf6 44. Nd6 e5 45. Be2 1-0

[Event "35th Zalakaros Open 2016"]
[Site "Zalakaros HUN"]
[Date "2016.06.03"]
[Round "8.53"]
[White "Tirelli, Mauro"]
[Black "Hardicsay, Peter"]
[Result "1-0"]
[BlackTitle "IM"]
[WhiteElo "2217"]
[BlackElo "2245"]
[WhiteFideId "845353"]
[BlackFideId "700622"]
[EventDate "2016.05.27"]

1. d4 g6 2. e4 Bg7 3. Nf3 d6 4. Bc4 Nf6 5. Nc3 O-O 6. O-O Nxe4 7. Nxe4 d5 8. Bd3
dxe4 9. Bxe4 c6 10. h3 Nd7 11. Re1 Nf6 12. Bd3 Re8 1-0

[Event "35th Zalakaros Open 2016"]
[Site "Zalakaros HUN"]
[Date "2016.06.03"]
[Round "8.54"]
[White "Nemec, Vjekoslav"]
[Black "Balokas, Dimitrios"]
[Result "1-0"]
[WhiteElo "2175"]
[BlackElo "2170"]
[WhiteFideId "14540274"]
[BlackFideId "4216920"]
[EventDate "2016.05.27"]

1. c4 e6 2. Nc3 d5 3. d4 c6 4. Nf3 Nf6 5. Bg5 dxc4 6. e4 b5 7. e5 h6 8. Bh4 g5
9. Nxg5 hxg5 10. Bxg5 Be7 11. exf6 Bxf6 12. Bxf6 Qxf6 13. g3 Bb7 14. Bg2 Na6 15.
Nxb5 O-O-O 16. Nc3 Nb4 17. O-O c5 18. Bxb7+ Kxb7 19. Ne4 Qf5 20. Nxc5+ Kc8 21.
f4 Qd5 22. Rf2 Nc6 23. Rc1 Rdg8 24. Qf3 Nxd4 25. Qxd5 exd5 26. Rd1 Nf5 27. Rxd5
Ne3 28. Rd4 Re8 29. Ne4 Kb8 30. Re2 Ng4 31. Rdd2 Nxh2 32. Rxh2 Rxh2 33. Rxh2
Rxe4 34. Kf2 Rd4 35. Ke3 Rd3+ 36. Ke4 Rxg3 37. Rc2 c3 38. Rxc3 Rg2 39. Ke5 Rg6
40. Kf5 Ra6 41. a3 Rb6 42. Rc4 a5 43. b4 1-0

[Event "35th Zalakaros Open 2016"]
[Site "Zalakaros HUN"]
[Date "2016.06.04"]
[Round "9.3"]
[White "Efimenko, Zahar"]
[Black "Medvegy, Zoltan"]
[Result "1-0"]
[WhiteTitle "GM"]
[BlackTitle "GM"]
[WhiteElo "2656"]
[BlackElo "2553"]
[WhiteFideId "14107201"]
[BlackFideId "708402"]
[EventDate "2016.05.27"]

1. Nf3 Nf6 2. g3 b6 3. Bg2 Bb7 4. O-O g6 5. d4 Bg7 6. c4 O-O 7. d5 Ne4 8. Qc2 f5
9. Nbd2 Nd6 10. Rb1 c6 11. dxc6 Nxc6 12. b4 Rc8 13. Qb3 Nf7 14. Re1 Qc7 15. Bb2
Bxb2 16. Qxb2 g5 17. c5 bxc5 18. bxc5 Ba8 19. Nc4 Ncd8 20. Rbc1 Rb8 21. Qd2 Ne6
22. Ne3 Ng7 23. Nd5 Bxd5 24. Qxd5 e6 25. Qd2 Rb5 26. c6 d5 27. Nxg5 Nxg5 28.
Qxg5 Rb6 29. h4 Rxc6 30. h5 Rxc1 31. Rxc1 Qd8 32. Qe3 Qb6 33. Qxb6 axb6 34. h6
Nh5 35. Rc6 Kf7 36. Rxb6 Ra8 37. Rb7+ Kg6 38. Re7 Ra6 39. Bf1 Nf6 40. e3 Rxa2
41. Rxe6 Kf7 42. Rd6 Ra1 43. f3 Ke7 44. Rc6 Kf7 45. Kf2 Ra2+ 46. Be2 Rb2 47. Ke1
Rb1+ 48. Bd1 Nh5 49. g4 fxg4 50. fxg4 Nf6 51. g5 Ne4 52. Rc7+ Kg6 53. Rg7+ Kf5
54. g6 Rb6 55. Bg4+ Kxg4 56. gxh7+ Kf3 57. Rg3+ Kxg3 58. h8=Q Kf3 59. Qf8+ Rf6
60. Qg7 Rb6 61. Kd1 Kxe3 62. h7 Rc6 63. Qg1+ Nf2+ 64. Qxf2+ Kxf2 65. h8=Q Rc4
66. Qe5 Re4 67. Qxd5 Re1+ 68. Kd2 Re2+ 69. Kd3 Re3+ 70. Kd4 Rg3 71. Qf5+ Rf3 72.
Qg4 Ra3 73. Qd1 Rh3 74. Qd2+ Kf1 75. Ke4 Rh7 76. Qd3+ Ke1 77. Qg3+ Kd2 78. Qf2+
Kc3 79. Qe1+ Kc2 80. Qe2+ Kc3 81. Qd3+ Kb4 82. Qd8 Kc3 83. Kf4 Rh6 84. Qd7 Kc4
85. Ke3 Rb6 86. Qc7+ Kb5 87. Kd4 Rf6 88. Qe5+ 1-0

[Event "35th Zalakaros Open 2016"]
[Site "Zalakaros HUN"]
[Date "2016.06.04"]
[Round "9.4"]
[White "Kravtsiv, Martyn"]
[Black "Szabo, Gergely-Andras-Gyula"]
[Result "1-0"]
[WhiteTitle "GM"]
[BlackTitle "GM"]
[WhiteElo "2641"]
[BlackElo "2548"]
[WhiteFideId "14113147"]
[BlackFideId "1205064"]
[EventDate "2016.05.27"]

1. e4 e6 2. d4 d5 3. Nc3 Bb4 4. e5 c5 5. a3 Bxc3+ 6. bxc3 Ne7 7. Qg4 cxd4 8.
Qxg7 Rg8 9. Qxh7 Qc7 10. Ne2 Nbc6 11. f4 dxc3 12. h4 Bd7 13. h5 O-O-O 14. Qd3 d4
15. h6 Rg6 16. h7 Rh8 17. Nxd4 Nxd4 18. Qxd4 Nf5 19. Qxa7 Ng3 20. Be3 Nxh1 21.
Bb6 Qb8 22. Qa5 Ng3 23. Qc5+ Bc6 24. Ba6 Kd7 25. Rd1+ Ke8 26. Rd8+ Qxd8 27. Bxd8
Nf5 28. Bg5 Rxh7 29. Bxb7 Bxb7 30. Qb5+ Kf8 31. Qxb7 1-0

[Event "35th Zalakaros Open 2016"]
[Site "Zalakaros HUN"]
[Date "2016.06.04"]
[Round "9.5"]
[White "Perunovic, Milos"]
[Black "Deac, Bogdan-Daniel"]
[Result "1/2-1/2"]
[WhiteTitle "GM"]
[BlackTitle "IM"]
[WhiteElo "2639"]
[BlackElo "2501"]
[WhiteFideId "921629"]
[BlackFideId "1226380"]
[EventDate "2016.05.27"]

1. e4 e5 2. Nf3 Nc6 3. Bb5 Nf6 4. d3 Bc5 5. c3 O-O 6. O-O d6 7. Bg5 h6 8. Bh4 g5
9. Bg3 Nh5 10. Nbd2 Qf6 11. Bxc6 bxc6 12. d4 Nxg3 13. hxg3 exd4 14. e5 Qg6 15.
cxd4 Bb6 16. Re1 Be6 17. Ne4 Rad8 18. Qa4 Kh8 19. Qxc6 dxe5 20. dxe5 Qg7 21. Qc1
Qg6 22. Qc6 Qg7 23. Qc1 Qg6 24. Qc6 1/2-1/2

[Event "35th Zalakaros Open 2016"]
[Site "Zalakaros HUN"]
[Date "2016.06.04"]
[Round "9.6"]
[White "Onischuk, Vladimir"]
[Black "Puranik, Abhimanyu"]
[Result "1-0"]
[WhiteTitle "GM"]
[BlackTitle "IM"]
[WhiteElo "2628"]
[BlackElo "2452"]
[WhiteFideId "14114038"]
[BlackFideId "5061245"]
[EventDate "2016.05.27"]

1. e4 e5 2. Nf3 Nc6 3. Bb5 a6 4. Ba4 Nf6 5. O-O b5 6. Bb3 Bc5 7. Nc3 d6 8. Nd5
O-O 9. d4 exd4 10. Bg5 Na5 11. Nxd4 Re8 12. Nf5 Bxf5 13. exf5 Nxb3 14. axb3 c6
15. Nxf6+ gxf6 16. Bh6 Kh8 17. b4 Bb6 18. Qg4 Rg8 19. Qh4 Rg5 20. Bxg5 fxg5 21.
Qe4 d5 22. Qe5+ Kg8 23. f6 h6 24. Rfe1 Qd7 25. h4 g4 26. Qf4 1-0

[Event "35th Zalakaros Open 2016"]
[Site "Zalakaros HUN"]
[Date "2016.06.04"]
[Round "9.7"]
[White "Banusz, Tamas"]
[Black "Svane, Rasmus"]
[Result "1/2-1/2"]
[WhiteTitle "GM"]
[BlackTitle "IM"]
[WhiteElo "2621"]
[BlackElo "2526"]
[WhiteFideId "722413"]
[BlackFideId "4657101"]
[EventDate "2016.05.27"]

1. Nf3 d5 2. g3 Bg4 3. Bg2 e6 4. O-O Nf6 5. h3 Bh5 6. d4 c6 7. c4 Nbd7 8. cxd5
cxd5 9. Nc3 Bd6 10. Qb3 Qb6 11. Qxb6 Nxb6 12. Nb5 Bb8 13. g4 Bg6 14. Ne5 Ke7 15.
b3 Rc8 16. Ba3+ Ke8 17. g5 Ne4 18. Nxg6 hxg6 19. Bxe4 dxe4 20. Rac1 Bf4 21. e3
a6 22. Nc3 1/2-1/2

[Event "35th Zalakaros Open 2016"]
[Site "Zalakaros HUN"]
[Date "2016.06.04"]
[Round "9.8"]
[White "Aryan, Chopra"]
[Black "Prohaszka, Peter2"]
[Result "1/2-1/2"]
[WhiteTitle "IM"]
[BlackTitle "GM"]
[WhiteElo "2459"]
[BlackElo "2593"]
[WhiteFideId "5084423"]
[BlackFideId "726265"]
[EventDate "2016.05.27"]

1. e4 c6 2. d4 d5 3. Nd2 dxe4 4. Nxe4 Bf5 5. Ng3 Bg6 6. h4 h6 7. Nf3 Nd7 8. h5
Bh7 9. Bd3 Bxd3 10. Qxd3 e6 11. Bd2 Ngf6 12. O-O-O Bd6 13. Ne4 Nxe4 14. Qxe4 Nf6
15. Qe2 Bc7 16. Rh4 b5 17. Kb1 Qd5 18. Ne5 Rd8 19. Nf3 O-O 20. Re1 Rfe8 21. Bc1
a6 22. g4 Nh7 23. Rhh1 c5 24. dxc5 Qxc5 25. Reg1 Rd5 26. Be3 Qe7 27. Nd2 Red8
28. Ne4 Be5 29. Bc1 Bd4 30. Rg2 Ng5 31. f4 Nxe4 32. Qxe4 f5 33. gxf5 Rxf5 34.
Rd1 Rfd5 35. f5 Bf6 36. Rxd5 Rxd5 37. fxe6 Rxh5 38. Qa8+ Kh7 39. Qe4+ Kg8 40.
Qa8+ Qf8 41. Qxa6 Bxb2 42. Kxb2 Qb4+ 43. Ka1 Qc3+ 44. Kb1 Qb4+ 1/2-1/2

[Event "35th Zalakaros Open 2016"]
[Site "Zalakaros HUN"]
[Date "2016.06.04"]
[Round "9.9"]
[White "Harika, Dronavalli"]
[Black "Papp, Gabor1"]
[Result "1/2-1/2"]
[WhiteTitle "GM"]
[BlackTitle "GM"]
[WhiteElo "2514"]
[BlackElo "2596"]
[WhiteFideId "5015197"]
[BlackFideId "718602"]
[EventDate "2016.05.27"]

1. Nf3 Nf6 2. c4 b6 3. g3 Bb7 4. Bg2 c5 5. O-O g6 6. Nc3 Bg7 7. d4 cxd4 8. Nxd4
Bxg2 9. Kxg2 Qc8 10. b3 Qb7+ 11. f3 Nc6 12. Nxc6 dxc6 13. Bb2 O-O 14. e4 Rfd8
15. Qe2 Nd7 16. Rad1 Nc5 17. e5 Qc7 18. f4 Rxd1 19. Rxd1 Rd8 20. Ba3 Ne6 21.
Rxd8+ Qxd8 22. Ne4 c5 23. Bb2 h5 24. Bc3 Kf8 25. Nf2 Qa8+ 26. Qf3 Qxf3+ 27. Kxf3
Ke8 1/2-1/2